Statistics for Football clubs: guess the country VI

Click here to take the quiz!

General Stats

  • This quiz has been taken 13 times
  • The average score is 7 of 20

Answer Stats

Football teamCountry% Correct
Jaguares de CórdobaColombia
90%
Wiener ACAustria
60%
Banjul HawksGambia
60%
St Gallen 1879Switzerland
60%
ValenciennesFrance
50%
Taipower KaohsiungTaiwan
50%
LVDK KaunasLithuania
40%
Maritzburg UnitedSouth Africa
40%
Long AnVietnam
40%
Mantagheh Vizheh Bandar AbbasIran
30%
Club Guaraní‎Paraguay
30%
Charlestown AzzurriAustralia
20%
MachhindraNepal
20%
All Saints UnitedAntigua and Barbuda
10%
CelebestIndonesia
10%
Lerotholi PolytechnicLesotho
10%
Red Lions ZombaMalawi
10%
Selenge PressMongolia
10%
Inverurie Loco WorksScotland
10%
Island ChihuahuasMicronesia
0%

Score Distribution

Percentile by Number Answered

Percent of People with Each Score

Your Score History

You have not taken this quiz